Európska dohoda AGTC

Bibliographic Details
Main Author: Šimon, Vladimír (Author)
Format: Article
Language:Slovak
PhysicalDescription:Tab. 2
ISSN:1210-0978
Subjects:

MARC

LEADER 00000nab a2200000 a 4500
001 vtls000533452
003 SK-MaSNL
005 20260304102202.0
008 250426c1994 xo 0 slo
015 |a SNBRB19rr/mm-uuuuu 
035 |a CL0533590 
035 |a urn:nbn:sk:snk-ab31ja 
035 |a (urnnbn)urn:nbn:sk:snk:ar-a04m9a 
035 |a (uuid)4434a82b-c766-4b78-a7c8-2150862e03bc 
040 |a SNKBUCL  |b slo  |c SNKBUCL  |e AACR2 
041 0 |a slo 
044 |a xo  |c SK 
080 |a 656.022.8(4):341.241.8  |2 1981 
100 1 |a Šimon, Vladimír  |4 aut  |9 522662 
245 1 0 |a Európska dohoda AGTC  |c Vladimír Šimon 
300 |b Tab. 2 
650 0 7 |a doprava kombinovaná  |2 snkbucl  |9 898968 
650 0 7 |a Európska dohoda o najdôležitejších trasách medzinárodnej kombinovanej dopravy a príslušných objektoch  |2 snkbucl  |9 999279 
655 7 |a články z novín a časopisov  |2 snkbucl  |9 267496 
773 0 |t Horizonty dopravy  |g Roč. 2, č. 4 (1994), s. 26-28  |x 1210-0978 
850 |a Slovenská národná knižnica 
852 |a Slovenská národná knižnica 
954 |a odborná, vedecká literatúra pôvodná (slovenská)  |2 lita 
958 |a article27 
958 |a OND 
958 |a RK 
958 |a EUIPO 
992 |a RBX 
999 |c 2844326  |d 2846256